Statistics for Animal Crossing Games

Click here to take the quiz!

General Stats

  • This quiz has been taken 154 times
    (138 since last reset)
  • The average score is 6 of 8

Answer Stats

ConsoleGame% Correct
3DSAnimal Crossing: New Leaf
96%
SwitchAnimal Crossing: New Horizons
94%
MobileAnimal Crossing: Pocket Camp
83%
GameCubeAnimal Crossing
82%
WiiAnimal Crossing: City Folk
81%
DSAnimal Crossing: Wild World
79%
3DSAnimal Crossing: Happy Home Designer
63%
WiiUAnimal Crossing: Amiibo Festival
55%

Score Distribution

Percentile by Number Answered

Percent of People with Each Score

Your Score History

You have not taken this quiz since the last reset